Movies Quiz

Random Movies or Actor Quiz

Animal Term Movies Quiz Stats

 Plays Quiz Updated Feb 28, 2019

Score 0/32 Timer 08:00
0 Plays Today
Year Movie % Correct
Sea, Air, or ReptileSnakes on a Plane or Black Snake Moan
60.2%
Four Legged AnimalDances with Wolves
46.4%
Four Legged AnimalThe Silence of the Lambs
41.8%
Four Legged AnimalRaging Bull
39.5%
Four Legged AnimalThe Pink Panther
37.2%
Sea, Air, or ReptileCrocodile Dundee
37.1%
Sea, Air, or ReptileEagle Eye
34.4%
Sea, Air, or ReptileA Fish Called Wanda
33.8%
Sea, Air, or ReptileThe Crow
31.1%
Four Legged AnimalDog Day Afternoon
29.9%
Sea, Air, or ReptileOctopussy
23.1%
Four Legged AnimalThe Lion King
23%
Sea, Air, or ReptileAnaconda
22.4%
Four Legged AnimalWho Framed Roger Rabbit
21%
Four Legged AnimalBull Durham
20.4%
Four Legged AnimalThe Horse Whisperer
20.3%
Year Movie % Correct
Four Legged AnimalReservoir Dogs
19.7%
Four Legged AnimalThe Deer Hunter
17.4%
Sea, Air, or ReptileSnake Eyes
17%
Four Legged AnimalMust Love Dogs
17%
Sea, Air, or ReptileShark Tale
16.6%
Four Legged AnimalThe Bad News Bears
15.5%
Sea, Air, or ReptileBig Fish
15.2%
Sea, Air, or ReptileThe Birds
12.2%
Four Legged AnimalCat on a Hot Tin Roof
11.7%
Four Legged AnimalWag the Dog
10.8%
Sea, Air, or ReptileIron Eagle
10.8%
Sea, Air, or ReptileBird on a Wire
10.6%
Sea, Air, or ReptileHudson Hawk
9.2%
Four Legged AnimalCoyote Ugly
7.3%
Sea, Air, or ReptileChicken Run
5.3%
Sea, Air, or ReptileThe Eagle Has Landed
2.4%

You're not logged in!

Compare scores with friends on all Sporcle quizzes.
OR
Log In

Sporcle TV

Today on Sporcle TV


Watch our educational content, quiz creation guides, and fun videos on Sporcle TV.

Show Comments

Extras

Top Quizzes Today


Score Distribution

Your Account Isn't Verified!

In order to create a playlist on Sporcle, you need to verify the email address you used during registration. Go to your Sporcle Settings to finish the process.

Report this User

Report this user for behavior that violates our Community Guidelines.

Details: